00784nam a2200229Ia 4500003000900000008004100009040001300050040001300063041000800076100002200084245003500106250000900141260002100150260000900171300001000180490003700190490000600227600010000233942000700333999001700340952019700357IT-RoPAU120407s9999 xx 000 0 und d aIT-RoPAU cIT-RoPAU aita aYves M. J. Congar aLa tradizione e le tradizioni. aRoma aEdizioni Paoline c1961 c18 cm aBibl. cultura religiosa, 91 - 92 v2 a" 1° v. Saggio storico. 412 p. 2° v. Saggio teologico. 530 p." cBK c18437d18437 00102ddc406208_23910000000000071aPAULUSbPAULUSd2012-04-11l0o208.2391r2012-04-11 00:00:00w2012-04-11yBKzInserito da: Anna In data: 14 luglio 2011 fondo: Via A.Severo 56 Progr:22195